Countries with the Biggest Temperature Difference - Statistics

General Stats
  • This quiz has been taken 128 times
  • The average score is 15 of 20
Answer Stats
°C Country °F % Correct
113.2 Russia 203.8
100%
112.6 Canada 202.7
99%
118.9 United States 214
99%
108.3 China 194.9
97%
99 India 178.2
94%
106.1 Kazakhstan 191
87%
99.3 Mongolia 178.7
82%
87 Norway 156.6
82%
88.7 Finland 159.7
81%
91 Sweden 163.8
80%
90 Iran 162
79%
95.5 Turkey 171.9
79%
105.7 Pakistan 190.3
77%
102.1 Afghanistan 183.8
72%
98.4 Italy 177.1
67%
97.6 Kyrgyzstan 175.7
67%
88.5 Germany 159.3
66%
111 Tajikistan 199.8
66%
93.1 Austria 167.6
43%
88.7 Bosnia and Herzegovina 159.7
15%
No matching quizzes found
Score Distribution
Percent of People with Each Score
Percentile by Number Answered
Your Score History
You have not taken this quiz